Daily Capital City Riddle #11 - Statistics

General Stats
  • This quiz has been taken 75 times
  • The average score is 28 of 33
Answer Stats
Type Answer % Correct
Alphabet Letter I
100%
Alphabet Letter L
100%
Alphabet Letter T
100%
Found Letter A
98%
Alphabet Letter N
98%
Found Letter O
98%
Found Letter S
98%
Alphabet Letter B
97%
Found Letter R
97%
Alphabet Letter D
95%
Found Letter E
94%
Alphabet Letter G
92%
Found Letter U
92%
Alphabet Letter C
91%
Alphabet Letter M
89%
Alphabet Letter P
89%
Alphabet Letter W
88%
Correctly Placed Letter O
85%
Alphabet Letter H
82%
Alphabet Letter K
82%
Alphabet Letter Y
82%
Correctly Placed Letter S
80%
Correctly Placed Letter E
77%
Alphabet Letter J
77%
Correctly Placed Letter A
76%
Alphabet Letter V
74%
Alphabet Letter X
68%
Alphabet Letter Q
67%
Alphabet Letter F
65%
Alphabet Letter Z
65%
Correctly Placed Letter U
64%
Correctly Placed Letter R
62%
Mystery Capital Roseau
59%
No matching quizzes found
Score Distribution
Percent of People with Each Score
Percentile by Number Answered
Your Score History
You have not taken this quiz